| 000 | 00596nam a22001937a 4500 | ||
|---|---|---|---|
| 999 |
_c5976 _d5976 |
||
| 003 | AR-CdUCM | ||
| 008 | 190313b ||||| |||| 00| 0 spa d | ||
| 040 |
_aMUNICIPALIDAD PROVINCIAL DEL CUSCO _cBIBLIOTECA MUNICIPAL DEL CUSCO |
||
| 082 |
_a838.915 / _bR59 |
||
| 100 |
_aRilke, Rainer María _917514 |
||
| 245 | _aLos cuadernos de Malte Laurids Brigge / | ||
| 260 |
_aBuenos Aires : _bLosada, _c1941. |
||
| 300 |
_a243 páginas ; _c17 cm. |
||
| 500 | _aDonación familia Nieto | ||
| 650 |
_aNovelas alemanas _92845 |
||
| 650 |
_aSiglo XX _98 |
||
| 942 |
_2ddc _cLIBROS |
||
| 945 |
_apjha _d2019-05-16 |
||